00287nam a2200121Ia 4500008004100000100001200041245004200053260002500095300000900120650001400129942000700143999001500150190216s9999||||xx |||||||||||||| ||und|| aElatwal 0aOrganic Chemistry Of Natural Products bPragathi Prakashan a639p aChemistry cBK c2402d2402